000 00401nam a2200157Ia 4500
008 221030s9999 xx 000 0 und d
020 _a9789389656183
041 _aEnglish
100 _aK. N. C. Pillai
245 0 _aR. V. Kelkar`s Criminal Procedure 7th Ed.
_cby K. N. C. Pillai
250 _a7th
260 _bEBC
_aLucknow
_c2021
300 _a944
650 _aCriminal Procedure
942 _cBK
999 _c18847
_d18847